Autonomic Networks /
Salvato in:
| Altri autori: | |
|---|---|
| Natura: | Libro |
| Lingua: | inglese |
| Pubblicazione: |
London : Hoboken :
ISTE ; John Wiley & Sons,
2008
|
| Soggetti: | |
| Tags: |
Nessun Tag, puoi essere il primo ad aggiungerne!!
|
MARC
| LEADER | 00000nam a22000003a 4500 | ||
|---|---|---|---|
| 001 | stu157282 | ||
| 005 | 20190206124559.4 | ||
| 008 | 080206s2008----uk------------------eng-d | ||
| 020 | |a 978-1-84821-002-8 | ||
| 040 | |a STU |b slo | ||
| 041 | 0 | |a eng | |
| 044 | |a uk |c xxu | ||
| 080 | |a 004.032.26 | ||
| 100 | 1 | |a Gaiti, Dominique |4 com | |
| 245 | 1 | |a Autonomic Networks / |c Ed.: Gaiti, Dominique | |
| 260 | |a London : |b ISTE ; |a Hoboken : |b John Wiley & Sons, |c 2008 | ||
| 300 | |a 322 s | ||
| 650 | 7 | |a počítačové siete |2 stusub | |
| 650 | 7 | |a telekomunikačné siete |2 stusub | |
| 650 | 7 | |a telekomunikačné systémy |2 stusub | |
| 650 | 7 | |a komunikačné siete |2 stusub | |
| 650 | 7 | |a náhodné siete |2 stusub | |
| 650 | 7 | |a samovoľné siete |2 stusub | |
| 650 | 7 | |a mimovoľné siete |2 stusub | |
| 650 | 7 | |a neurónové siete |2 stusub | |
| 996 | |b 284EK87158 |c E*87158 |l EE12 |s P |a 0 |w stu157282_0001 | ||